00341pam a2200121a 44500008004100000020002400041082001500065100001900080245006600099250001200165260003200177300001000209230405s2015 xxu||||| |||| 00| 0 eng d a935025557XcRs. 850 a618.2bJAC aJacob, Annamma aComprehensive Textbook of Midwifery and Gynecological Nursing a4th Ed. aNew DelhibJaypee Pubc2015 a993 p